[Event "Winnipeg TNT April op"]
[Site "Winnipeg CAN"]
[Date "2001.04.17"]
[Round "3"]
[White "Tetrault, Robert"]
[Black "Barkman, Daniel"]
[Result "0-1"]
[WhiteElo "1580"]
[BlackElo "1589"]
[PlyCount "99"]
[GameId "2160767911565102"]
[EventDate "2001.04.??"]
[EventType "swiss"]
[EventRounds "4"]
[EventCountry "CAN"]

1. e4 e6 2. Nf3 d5 3. exd5 exd5 4. d4 Bd6 5. Nc3 Ne7 6. Bg5 c6 7. Bd3 O-O 8. O-O Bg4 9. Be2 Qc7 10. g3 Bh3 11. Re1 h6 12. Bxe7 Qxe7 13. Nh4 Qf6 14. Bg4 Bxg4 15. Qxg4 Na6 16. Nf5 Bb4 17. Re3 Rae8 18. Ne2 c5 19. c3 Ba5 20. Nf4 Qg5 21. Qh3 cxd4 22. Rxe8 Rxe8 23. cxd4 Nc7 24. Nd6 Rb8 25. Nxb7 Bd2 26. Nd3 Ne6 27. Nbc5 Nxd4 28. Rf1 Ne2+ 29. Kh1 Qe7 30. Qg4 Rb5 31. a4 Rb6 32. Qc8+ Kh7 33. Qf5+ g6 34. Qxd5 Rd6 35. Qf3 Nd4 36. Qd1 Bg5 37. Re1 Qc7 38. Ne4 Qb7 39. f3 Rd8 40. Nxg5+ hxg5 41. Kg2 g4 42. Re3 Nxf3 43. Kf2 Nxh2 44. Qe2 Nf3 45. Re4 Qb6+ 46. Qe3 Rxd3 47. Qxb6 axb6 48. Rxg4 Ne5 49. Rh4+ Kg7 50. b4 0-1

[Event "Winnipeg TNT Jan op"]
[Site "Winnipeg CAN"]
[Date "2001.01.09"]
[Round "1"]
[White "Hanrahan, Nigel"]
[Black "Gentes, Kevin"]
[Result "0-1"]
[WhiteElo "1731"]
[BlackElo "2348"]
[PlyCount "48"]
[GameId "2160767911627326"]
[EventDate "2001.01.??"]
[EventType "swiss"]
[EventRounds "4"]
[EventCountry "CAN"]
[SourceTitle "EXT 2005"]
[Source "ChessBase"]
[SourceDate "2004.11.15"]
[SourceVersion "1"]
[SourceVersionDate "2004.11.15"]
[SourceQuality "1"]

1. c4 g6 2. g3 Bg7 3. Bg2 Nf6 4. Nc3 O-O 5. e4 d6 6. Nge2 e5 7. d3 Nc6 8. O-O Nh5 9. h3 f5 10. exf5 gxf5 11. Bd5+ Kh8 12. Bf3 Nf6 13. Bg5 f4 14. g4 Ne7 15. Bxf6 Rxf6 16. Ne4 Rh6 17. Ng5 Qf8 18. Kg2 Ng6 19. Rh1 Nh4+ 20. Kf1 Qe7 21. Nxf4 Qxg5 22. Nd5 c6 23. Nc7 Rb8 24. Na6 Qe7 0-1

[Event "Winnipeg TNT Jan op"]
[Site "Winnipeg CAN"]
[Date "2001.01.09"]
[Round "1"]
[White "Milord, Frank"]
[Black "Proulx, Roy"]
[Result "0-1"]
[WhiteElo "1796"]
[BlackElo "1627"]
[PlyCount "32"]
[GameId "2160767911627327"]
[EventDate "2001.01.??"]
[EventType "swiss"]
[EventRounds "4"]
[EventCountry "CAN"]
[SourceTitle "EXT 2005"]
[Source "ChessBase"]
[SourceDate "2004.11.15"]
[SourceVersion "1"]
[SourceVersionDate "2004.11.15"]
[SourceQuality "1"]

1. e4 e5 2. Nf3 Nc6 3. Bb5 a6 4. Ba4 b5 5. Bb3 Nf6 6. O-O Nxe4 7. d4 d5 8. dxe5 Be6 9. c3 Bc5 10. Bc2 O-O 11. Nbd2 Nxf2 12. Rxf2 f6 13. exf6 Bxf2+ 14. Kxf2 Qxf6 15. Ne4 dxe4 16. Bxe4 Qh4+ 0-1

[Event "Winnipeg TNT Jan op"]
[Site "Winnipeg CAN"]
[Date "2001.01.09"]
[Round "1"]
[White "Schulz, Waldemar"]
[Black "Greenberg, Harley"]
[Result "1/2-1/2"]
[WhiteElo "2014"]
[BlackElo "1700"]
[PlyCount "63"]
[GameId "2160767911627328"]
[EventDate "2001.01.??"]
[EventType "swiss"]
[EventRounds "4"]
[EventCountry "CAN"]
[SourceTitle "EXT 2005"]
[Source "ChessBase"]
[SourceDate "2004.11.15"]
[SourceVersion "1"]
[SourceVersionDate "2004.11.15"]
[SourceQuality "1"]

1. d4 Nf6 2. c4 e6 3. g3 c5 4. Nf3 d5 5. Bg2 Nc6 6. cxd5 exd5 7. O-O c4 8. Nc3 Be7 9. Ne5 O-O 10. Bg5 Be6 11. Qd2 Ne8 12. Bxe7 Nxe7 13. Rfd1 f6 14. Nf3 Nd6 15. Ne1 Qd7 16. Nc2 b5 17. Ne3 Ndf5 18. Nxf5 Bxf5 19. Rac1 b4 20. Nxd5 Nxd5 21. e4 c3 22. bxc3 bxc3 23. Qd3 Bg6 24. Qc4 Rfc8 25. Qxd5+ Qxd5 26. exd5 c2 27. Re1 Rab8 28. Be4 Bxe4 29. Rxe4 Rb1 30. Ree1 Rxc1 31. Rxc1 Kf8 32. Kf1 1/2-1/2

[Event "Winnipeg TNT Jan op"]
[Site "Winnipeg CAN"]
[Date "2001.01.09"]
[Round "1"]
[White "Siegers, John"]
[Black "Khedkar, Jay S"]
[Result "0-1"]
[WhiteElo "1650"]
[BlackElo "2008"]
[PlyCount "88"]
[GameId "2160767911627329"]
[EventDate "2001.01.??"]
[EventType "swiss"]
[EventRounds "4"]
[EventCountry "CAN"]
[SourceTitle "EXT 2005"]
[Source "ChessBase"]
[SourceDate "2004.11.15"]
[SourceVersion "1"]
[SourceVersionDate "2004.11.15"]
[SourceQuality "1"]

1. e4 c5 2. Bc4 Nc6 3. Nf3 d6 4. c3 Nf6 5. Bd5 e6 6. Bxc6+ bxc6 7. e5 dxe5 8. Nxe5 Qd5 9. Nf3 Ba6 10. d4 Rd8 11. Be3 Be7 12. Nbd2 O-O 13. Qc2 cxd4 14. c4 Qd7 15. Nxd4 Bb4 16. O-O-O Ng4 17. Qa4 Nxe3 18. fxe3 c5 19. Qxd7 Rxd7 20. Nb5 Rfd8 21. Nb3 Bxb5 22. cxb5 c4 23. a3 cxb3 24. Rxd7 Rxd7 25. axb4 Kf8 26. Rd1 Ke7 27. Rxd7+ Kxd7 28. Kd2 Kc7 29. Kc3 Kb6 30. Kc4 h5 31. h4 f6 32. g3 g5 33. e4 gxh4 34. gxh4 f5 35. exf5 exf5 36. Kd4 Kxb5 37. Ke5 Kxb4 38. Kxf5 a5 39. Kg5 a4 40. Kxh5 a3 41. bxa3+ Kxa3 42. Kg5 b2 43. h5 b1=Q 44. h6 Qh7 0-1

[Event "Winnipeg TNT Jan op"]
[Site "Winnipeg CAN"]
[Date "2001.01.09"]
[Round "1"]
[White "Weijs, Harry"]
[Black "Haapamaki, Eric"]
[Result "1/2-1/2"]
[WhiteElo "1518"]
[BlackElo "1768"]
[PlyCount "77"]
[GameId "2160767911627330"]
[EventDate "2001.01.??"]
[EventType "swiss"]
[EventRounds "4"]
[EventCountry "CAN"]
[SourceTitle "EXT 2005"]
[Source "ChessBase"]
[SourceDate "2004.11.15"]
[SourceVersion "1"]
[SourceVersionDate "2004.11.15"]
[SourceQuality "1"]

1. d4 Nf6 2. Bg5 Ne4 3. Bf4 g5 4. f3 gxf4 5. fxe4 Bh6 6. Nf3 c5 7. c3 cxd4 8. Qxd4 O-O 9. g3 Nc6 10. Qd5 Qa5 11. gxf4 Bxf4 12. Rg1+ Kh8 13. Rg4 Bc7 14. Nbd2 e6 15. Qxa5 Nxa5 16. e3 a6 17. O-O-O b5 18. Rh4 Bb7 19. Nb3 Nxb3+ 20. axb3 Rad8 21. Ng5 Kg7 22. Bd3 h6 23. Nf3 Rh8 24. Rg1+ Kf8 25. Ng5 Ke7 26. Nf3 Bb6 27. Nd4 Bc7 28. Rh5 Rdg8 29. Rxg8 Rxg8 30. Nf3 f5 31. Nd2 fxe4 32. Bf1 Rg6 33. Kd1 Kf6 34. b4 Kg7 35. Nb3 Rg1 36. Ke1 Rh1 37. Nc5 Bc8 38. Nxe4 Rxh2 39. Rc5 1/2-1/2

[Event "Winnipeg TNT Jan op"]
[Site "Winnipeg CAN"]
[Date "2001.01.16"]
[Round "2"]
[White "Gentes, Kevin"]
[Black "Charter, Bennet"]
[Result "1-0"]
[WhiteElo "2348"]
[BlackElo "1748"]
[PlyCount "51"]
[GameId "2160767911627331"]
[EventDate "2001.01.??"]
[EventType "swiss"]
[EventRounds "4"]
[EventCountry "CAN"]
[SourceTitle "EXT 2005"]
[Source "ChessBase"]
[SourceDate "2004.11.15"]
[SourceVersion "1"]
[SourceVersionDate "2004.11.15"]
[SourceQuality "1"]

1. e4 e6 2. d4 d5 3. Nc3 Nf6 4. Bg5 Be7 5. e5 Nfd7 6. h4 O-O 7. Qh5 f6 8. Bd3 f5 9. g4 Nb6 10. gxf5 exf5 11. Nh3 Nc6 12. Rg1 g6 13. Nf4 gxh5 14. Bxe7+ Kh8 15. Bxd8 Rxd8 16. Nce2 Rg8 17. Rxg8+ Kxg8 18. O-O-O Kf7 19. Rg1 Ne7 20. Rg5 Bd7 21. Rxh5 Rh8 22. Rh6 Kg7 23. Rf6 Re8 24. Nh5+ Kg8 25. e6 Bc8 26. Neg3 1-0

[Event "Winnipeg TNT Jan op"]
[Site "Winnipeg CAN"]
[Date "2001.01.16"]
[Round "2"]
[White "Gibbons, Lorne"]
[Black "Siegers, John"]
[Result "0-1"]
[WhiteElo "1429"]
[BlackElo "1625"]
[PlyCount "84"]
[GameId "2160767911627332"]
[EventDate "2001.01.??"]
[EventType "swiss"]
[EventRounds "4"]
[EventCountry "CAN"]
[SourceTitle "EXT 2005"]
[Source "ChessBase"]
[SourceDate "2004.11.15"]
[SourceVersion "1"]
[SourceVersionDate "2004.11.15"]
[SourceQuality "1"]

1. d4 e6 2. c4 c6 3. Nc3 Bb4 4. Qc2 Nf6 5. Bd2 O-O 6. e4 d5 7. cxd5 exd5 8. e5 Bxc3 9. Bxc3 Ne4 10. Bd3 f5 11. Ne2 Be6 12. Bb4 Rf7 13. Nf4 Qd7 14. f3 a5 15. Ba3 Ng5 16. h4 Ne4 17. fxe4 fxe4 18. Nxe6 exd3 19. Qxd3 Qxe6 20. O-O-O Na6 21. Rdf1 Raf8 22. Bxf8 Rxf8 23. Rxf8+ Kxf8 24. Qf3+ Qf7 25. Rf1 Qxf3 26. Rxf3+ Ke7 27. g4 Nc7 28. a4 Ne6 29. Rd3 Nf4 30. Rd2 h6 31. Rc2 Ne6 32. Rd2 Nf4 33. Kd1 Ke6 34. Rc2 Nd3 35. b3 Nb4 36. Rf2 Ke7 37. Kd2 b6 38. Ke3 c5 39. g5 hxg5 40. hxg5 Ke6 41. Rd2 cxd4+ 42. Kf4 Nc6 0-1

[Event "Winnipeg TNT Jan op"]
[Site "Winnipeg CAN"]
[Date "2001.01.16"]
[Round "2"]
[White "Haapamaki, Eric"]
[Black "Greenberg, Harley"]
[Result "1-0"]
[WhiteElo "1777"]
[BlackElo "1692"]
[PlyCount "71"]
[GameId "2160767911627333"]
[EventDate "2001.01.??"]
[EventType "swiss"]
[EventRounds "4"]
[EventCountry "CAN"]
[SourceTitle "EXT 2005"]
[Source "ChessBase"]
[SourceDate "2004.11.15"]
[SourceVersion "1"]
[SourceVersionDate "2004.11.15"]
[SourceQuality "1"]

1. e4 c5 2. Nf3 Nc6 3. d4 cxd4 4. Nxd4 e5 5. Nb5 d6 6. c4 a6 7. N5a3 Be7 8. Be2 Nf6 9. Nc3 O-O 10. O-O Be6 11. Nc2 Rc8 12. Ne3 Na5 13. b3 b5 14. Ncd5 Nxe4 15. cxb5 axb5 16. Bxb5 Nc3 17. Nxc3 Rxc3 18. b4 Nb7 19. Nd5 Rc8 20. Be3 Bxd5 21. Qxd5 Qc7 22. Rfc1 Qb8 23. Ba6 Rxc1+ 24. Rxc1 Nd8 25. b5 Ne6 26. b6 Nc5 27. Bxc5 dxc5 28. Qc6 Bd8 29. b7 Qa7 30. Rxc5 Bb6 31. Rc2 Qxa6 32. Qc8 Qd3 33. Qxf8+ Kxf8 34. b8=Q+ Bd8 35. Qb4+ Ke8 36. Qd2 1-0

[Event "Winnipeg TNT Jan op"]
[Site "Winnipeg CAN"]
[Date "2001.01.16"]
[Round "2"]
[White "Khedkar, Jay S"]
[Black "Moffat, Ron"]
[Result "0-1"]
[WhiteElo "2012"]
[BlackElo "1738"]
[PlyCount "98"]
[GameId "2160767911627334"]
[EventDate "2001.01.??"]
[EventType "swiss"]
[EventRounds "4"]
[EventCountry "CAN"]
[SourceTitle "EXT 2005"]
[Source "ChessBase"]
[SourceDate "2004.11.15"]
[SourceVersion "1"]
[SourceVersionDate "2004.11.15"]
[SourceQuality "1"]

1. e4 c5 2. Nf3 e6 3. d4 cxd4 4. Nxd4 a6 5. Nc3 Qc7 6. Bd3 Nf6 7. O-O b5 8. Bg5 Be7 9. Qe2 d6 10. Rad1 b4 11. Nb1 Qc5 12. Be3 Qc7 13. f4 Nbd7 14. c3 bxc3 15. Nxc3 Nc5 16. Bb1 Bb7 17. Rc1 Qb8 18. Bf2 a5 19. Qb5+ Kf8 20. Rfe1 Ba6 21. Qxb8+ Rxb8 22. b3 Rc8 23. Ndb5 Ng4 24. Bxc5 Rxc5 25. a4 Bf6 26. h3 Bxc3 27. Nxc3 Nf6 28. Nb5 Ke7 29. Nxd6 Kxd6 30. e5+ Kc6 31. exf6 gxf6 32. Be4+ Kb6 33. Rxc5 Kxc5 34. Rc1+ Kd4 35. Bf3 Rc8 36. Rxc8 Bxc8 37. Bh5 e5 38. fxe5 fxe5 39. Bxf7 e4 40. Kf2 e3+ 41. Ke1 Bf5 42. g4 Be4 43. h4 Ke5 44. Bc4 Kf4 45. Be6 Bf3 46. h5 h6 47. Kf1 Bxg4 48. Bxg4 Kxg4 49. Ke2 Kf4 0-1

[Event "Winnipeg TNT Jan op"]
[Site "Winnipeg CAN"]
[Date "2001.01.16"]
[Round "2"]
[White "Milord, Frank"]
[Black "Weijs, Harry"]
[Result "1/2-1/2"]
[WhiteElo "1796"]
[BlackElo "1518"]
[PlyCount "72"]
[GameId "2160767911627335"]
[EventDate "2001.01.??"]
[EventType "swiss"]
[EventRounds "4"]
[EventCountry "CAN"]
[SourceTitle "EXT 2005"]
[Source "ChessBase"]
[SourceDate "2004.11.15"]
[SourceVersion "1"]
[SourceVersionDate "2004.11.15"]
[SourceQuality "1"]

1. d4 f5 2. c4 Nf6 3. Nc3 e6 4. g3 d5 5. Bg2 c6 6. Qb3 Bd6 7. Nf3 O-O 8. Bg5 Qc7 9. e3 dxc4 10. Qxc4 Na6 11. a3 b5 12. Qe2 b4 13. axb4 Nxb4 14. Bxf6 gxf6 15. e4 a5 16. e5 fxe5 17. dxe5 Be7 18. Nd4 Qxe5 19. Qxe5 Nd3+ 20. Kd2 Nxe5 21. Nxc6 Nxc6 22. Bxc6 Rb8 23. Kc2 Bb4 24. f4 Rb6 25. Ba4 Bb7 26. Rhd1 Be4+ 27. Kd2 Bxc3+ 28. Kxc3 Rc8+ 29. Kd4 Rxb2 30. h4 Rb4+ 31. Ke5 Bd5 32. Bd7 Re4+ 33. Kf6 Rd8 34. Ke7 Rf8 35. Rxa5 Rf7+ 36. Kd6 Kg7 1/2-1/2

[Event "Winnipeg TNT Jan op"]
[Site "Winnipeg CAN"]
[Date "2001.01.16"]
[Round "2"]
[White "Proulx, Roy"]
[Black "Schulz, Waldemar"]
[Result "1/2-1/2"]
[WhiteElo "1668"]
[BlackElo "2042"]
[PlyCount "62"]
[GameId "2160767911627336"]
[EventDate "2001.01.??"]
[EventType "swiss"]
[EventRounds "4"]
[EventCountry "CAN"]
[SourceTitle "EXT 2005"]
[Source "ChessBase"]
[SourceDate "2004.11.15"]
[SourceVersion "1"]
[SourceVersionDate "2004.11.15"]
[SourceQuality "1"]

1. d4 d5 2. Nf3 Nf6 3. Bg5 Ne4 4. Bf4 Nd7 5. e3 e6 6. Nbd2 Ndf6 7. Bd3 Bd6 8. Be5 O-O 9. O-O b6 10. Bxf6 Nxf6 11. Ne5 Bb7 12. f4 c5 13. Qf3 Qe7 14. Rae1 c4 15. Be2 Rac8 16. c3 b5 17. Qg3 b4 18. Bd1 a5 19. Qh4 Rc7 20. g4 Ne4 21. Qxe7 Rxe7 22. Nxe4 dxe4 23. Nxc4 Bc7 24. Nd2 Rc8 25. c4 Bc6 26. Bc2 f5 27. gxf5 exf5 28. Kf2 Be8 29. Rg1 Bh5 30. h3 h6 31. Ba4 Kf8 1/2-1/2

[Event "Winnipeg TNT Jan op"]
[Site "Winnipeg CAN"]
[Date "2001.01.16"]
[Round "2"]
[White "Trueman, Francis"]
[Black "Hanrahan, Nigel"]
[Result "0-1"]
[WhiteElo "1399"]
[BlackElo "1697"]
[PlyCount "44"]
[GameId "2160767911627337"]
[EventDate "2001.01.??"]
[EventType "swiss"]
[EventRounds "4"]
[EventCountry "CAN"]
[SourceTitle "EXT 2005"]
[Source "ChessBase"]
[SourceDate "2004.11.15"]
[SourceVersion "1"]
[SourceVersionDate "2004.11.15"]
[SourceQuality "1"]

1. Nf3 d5 2. d3 c5 3. g3 g6 4. Bg2 Bg7 5. O-O Nf6 6. Nbd2 Nc6 7. c3 O-O 8. Re1 Bg4 9. h3 Bxf3 10. Nxf3 Re8 11. Nh2 e6 12. e4 dxe4 13. dxe4 Qxd1 14. Rxd1 e5 15. f4 exf4 16. Bxf4 Nxe4 17. Rd7 b6 18. Re1 f5 19. Nf3 Ne5 20. Ng5 Nxd7 21. Bf1 Nxg5 22. Bxg5 Rxe1 0-1

[Event "Winnipeg TNT Jan op"]
[Site "Winnipeg CAN"]
[Date "2001.01.23"]
[Round "3"]
[White "Charter, Bennet"]
[Black "Siegers, John"]
[Result "1-0"]
[WhiteElo "1748"]
[BlackElo "1625"]
[PlyCount "83"]
[GameId "2160767911627338"]
[EventDate "2001.01.??"]
[EventType "swiss"]
[EventRounds "4"]
[EventCountry "CAN"]
[SourceTitle "EXT 2005"]
[Source "ChessBase"]
[SourceDate "2004.11.15"]
[SourceVersion "1"]
[SourceVersionDate "2004.11.15"]
[SourceQuality "1"]

1. e4 c6 2. d4 e6 3. Nf3 b6 4. Be2 Ba6 5. O-O Bxe2 6. Qxe2 h6 7. c4 Be7 8. Nc3 d6 9. Rd1 Qc7 10. d5 e5 11. a3 Nf6 12. h3 a6 13. Nh4 g6 14. Nf3 Nbd7 15. b4 c5 16. b5 a5 17. Na4 O-O-O 18. Bb2 Rdg8 19. Rd3 g5 20. Rad1 Nh5 21. g3 Nhf6 22. Nxe5 Nxe5 23. Bxe5 Rh7 24. Bb2 Nd7 25. e5 f5 26. exf6 Bd8 27. Qe6 Kb7 28. Qxg8 Nxf6 29. Bxf6 Bxf6 30. Qe6 Bd4 31. Qe8 Re7 32. Qc6+ Qxc6 33. dxc6+ Kc7 34. Rf3 h5 35. Rf5 g4 36. Rxh5 gxh3 37. Rxh3 Rf7 38. Rh2 Rf3 39. Rh7+ Kb8 40. c7+ Kc8 41. Nxb6+ Kb7 42. c8=Q+ 1-0

[Event "Winnipeg TNT Jan op"]
[Site "Winnipeg CAN"]
[Date "2001.01.23"]
[Round "3"]
[White "Greenberg, Harley"]
[Black "Milord, Frank"]
[Result "1/2-1/2"]
[WhiteElo "1692"]
[BlackElo "1796"]
[PlyCount "58"]
[GameId "2160767911627339"]
[EventDate "2001.01.??"]
[EventType "swiss"]
[EventRounds "4"]
[EventCountry "CAN"]
[SourceTitle "EXT 2005"]
[Source "ChessBase"]
[SourceDate "2004.11.15"]
[SourceVersion "1"]
[SourceVersionDate "2004.11.15"]
[SourceQuality "1"]

1. d4 Nf6 2. c4 e6 3. Nc3 Bb4 4. e3 c5 5. Nge2 O-O 6. Bd2 cxd4 7. exd4 d5 8. a3 Be7 9. cxd5 Nxd5 10. Nf4 Nxf4 11. Bxf4 a6 12. g3 Nc6 13. Bg2 Qxd4 14. Qe2 Bf6 15. Rd1 Qb6 16. Bd6 Re8 17. Nd5 Qxb2 18. Qxb2 Bxb2 19. Nc7 Bc3+ 20. Kf1 Rd8 21. Nxa8 Be5 22. Nb6 Na7 23. Nc4 Bf6 24. Ke2 Bd7 25. Bb4 Bc6 26. Rxd8+ Bxd8 27. Rd1 Bf6 28. Bxc6 Nxc6 29. Bc3 Bxc3 1/2-1/2

[Event "Winnipeg TNT Jan op"]
[Site "Winnipeg CAN"]
[Date "2001.01.23"]
[Round "3"]
[White "Moffat, Ron"]
[Black "Gentes, Kevin"]
[Result "0-1"]
[WhiteElo "1738"]
[BlackElo "2348"]
[PlyCount "86"]
[GameId "2160767911627340"]
[EventDate "2001.01.??"]
[EventType "swiss"]
[EventRounds "4"]
[EventCountry "CAN"]
[SourceTitle "EXT 2005"]
[Source "ChessBase"]
[SourceDate "2004.11.15"]
[SourceVersion "1"]
[SourceVersionDate "2004.11.15"]
[SourceQuality "1"]

1. d4 Nf6 2. c4 g6 3. Nc3 d5 4. Nf3 Bg7 5. Qb3 dxc4 6. Qxc4 O-O 7. e4 a6 8. e5 b5 9. Qb3 Nfd7 10. Ng5 Nb6 11. Be3 Nc6 12. Rd1 h6 13. Nf3 b4 14. d5 bxc3 15. dxc6 Qe8 16. Qxc3 Be6 17. Bxb6 cxb6 18. b3 b5 19. c7 Qc8 20. Qc5 Qb7 21. Be2 Rfc8 22. Qxe7 Rxc7 23. Rd8+ Kh7 24. Qh4 Rxd8 25. Qxd8 Rc1+ 26. Bd1 Qe4+ 27. Kd2 Qf4+ 28. Ke2 Bg4 29. Qd3 Qxe5+ 30. Qe3 Qa1 31. Qf4 Qxa2+ 32. Qd2 Qa1 33. h3 Bf5 34. g4 Bc3 35. Qd5 Qb2+ 36. Kf1 Be6 37. Qd3 Bxb3 38. Kg2 Bc4 39. Qd6 Ra1 40. h4 Ra2 41. Qc5 Qb4 42. Qe5 Be6 43. g5 Qg4+ 0-1

[Event "Winnipeg TNT Jan op"]
[Site "Winnipeg CAN"]
[Date "2001.01.23"]
[Round "3"]
[White "Proulx, Roy"]
[Black "Haapamaki, Eric"]
[Result "1/2-1/2"]
[WhiteElo "1680"]
[BlackElo "1779"]
[PlyCount "152"]
[GameId "2160767911627341"]
[EventDate "2001.01.??"]
[EventType "swiss"]
[EventRounds "4"]
[EventCountry "CAN"]
[SourceTitle "EXT 2005"]
[Source "ChessBase"]
[SourceDate "2004.11.15"]
[SourceVersion "1"]
[SourceVersionDate "2004.11.15"]
[SourceQuality "1"]

1. d4 Nf6 2. Bg5 Ne4 3. Bf4 g5 4. f3 gxf4 5. fxe4 Bh6 6. Nf3 c5 7. d5 d6 8. c3 Nd7 9. Nbd2 Nf6 10. Qc2 Ng4 11. Nc4 b5 12. h3 Nf6 13. Ncd2 Bd7 14. O-O-O a5 15. Nh4 b4 16. c4 a4 17. Ndf3 b3 18. axb3 axb3 19. Qb1 Nxe4 20. Rd3 Nf2 21. Rg1 Nxd3+ 22. exd3 Qa5 23. Be2 Qa2 24. Bd1 Kd8 25. Nd2 Ba4 26. Nf5 Bg5 27. Ne4 Bf6 28. Nxf6 exf6 29. Nxd6 Qxb1+ 30. Kxb1 Ke7 31. Nf5+ Kf8 32. Bf3 Bd7 33. Be4 Bxf5 34. Bxf5 Re8 35. Be4 Rg8 36. Kc1 Re5 37. Kd2 Rg3 38. Bf3 Ke7 39. Kc3 Re3 40. Rd1 Kd6 41. Kxb3 Rexf3 42. gxf3 Rxf3 43. Kc3 Rxh3 44. Rf1 Rh4 45. b4 cxb4+ 46. Kxb4 Rg4 47. Kc3 h5 48. Kd4 h4 49. c5+ Kd7 50. Ke4 h3 51. Rh1 Rg3 52. d4 f3 53. Ke3 f2+ 54. Kxf2 Rd3 55. c6+ Kc7 56. Rc1 Rxd4 57. Rc5 h2 58. Kg2 Rd2+ 59. Kh1 f5 60. Rb5 Kd6 61. Rb7 Rxd5 62. Rd7+ Kxc6 63. Rxf7 Kd6 64. Kxh2 Ke6 65. Rf8 Rd4 66. Kg3 Rd3+ 67. Kf4 Rd4+ 68. Kg5 Rg4+ 69. Kh5 Ke5 70. Rb8 Re4 71. Kg5 Rg4+ 72. Kh5 Rd4 73. Kg5 f4 74. Re8+ Kd5 75. Kg4 Kc4 76. Kf3 Kd3 1/2-1/2

[Event "Winnipeg TNT Jan op"]
[Site "Winnipeg CAN"]
[Date "2001.01.23"]
[Round "3"]
[White "Schulz, Waldemar"]
[Black "Hanrahan, Nigel"]
[Result "1-0"]
[WhiteElo "2042"]
[BlackElo "1697"]
[PlyCount "73"]
[GameId "2160767911627342"]
[EventDate "2001.01.??"]
[EventType "swiss"]
[EventRounds "4"]
[EventCountry "CAN"]
[SourceTitle "EXT 2005"]
[Source "ChessBase"]
[SourceDate "2004.11.15"]
[SourceVersion "1"]
[SourceVersionDate "2004.11.15"]
[SourceQuality "1"]

1. d4 d5 2. c4 e6 3. g3 Nf6 4. Bg2 c5 5. Nf3 Be7 6. O-O O-O 7. Nc3 Nc6 8. cxd5 exd5 9. Bg5 c4 10. Rc1 Be6 11. Ne5 h6 12. Bf4 Qb6 13. Nxc6 Qxc6 14. Qc2 Rac8 15. Rfe1 Bb4 16. Bd2 Bxc3 17. Bxc3 Ne4 18. Bb4 Rfd8 19. Red1 Bf5 20. Bxe4 Bxe4 21. Qd2 Bg6 22. Rc3 Re8 23. Rdc1 Re6 24. Ra3 Rce8 25. Re1 Bd3 26. e3 a6 27. Rc1 Ra8 28. Rxd3 Qa4 29. Ra3 Qb5 30. Ra5 Qc6 31. Ra3 b6 32. Rac3 a5 33. Ba3 b5 34. Bc5 b4 35. R3c2 Qb5 36. Qe2 Qa4 37. a3 1-0

[Event "Winnipeg TNT Jan op"]
[Site "Winnipeg CAN"]
[Date "2001.01.23"]
[Round "3"]
[White "Weijs, Harry"]
[Black "Khedkar, Jay S"]
[Result "0-1"]
[WhiteElo "1518"]
[BlackElo "2012"]
[PlyCount "60"]
[GameId "2160767911627343"]
[EventDate "2001.01.??"]
[EventType "swiss"]
[EventRounds "4"]
[EventCountry "CAN"]
[SourceTitle "EXT 2005"]
[Source "ChessBase"]
[SourceDate "2004.11.15"]
[SourceVersion "1"]
[SourceVersionDate "2004.11.15"]
[SourceQuality "1"]

1. d4 g6 2. Nf3 Bg7 3. e4 d6 4. Bg5 c5 5. c3 cxd4 6. cxd4 Qb6 7. Qc2 Nc6 8. Nc3 Bd7 9. Nd5 Qa5+ 10. Bd2 Qd8 11. Bc3 Rc8 12. Qd2 e6 13. Nb4 Nge7 14. Bb5 Qb6 15. Bxc6 bxc6 16. O-O O-O 17. e5 Rfd8 18. Nd3 Qb8 19. exd6 Nd5 20. Ba5 Re8 21. Nde5 Qxd6 22. Nxd7 Qxd7 23. Rac1 Ne7 24. Rc5 Nf5 25. Bc3 Red8 26. Ne5 Qd6 27. Nc4 Qe7 28. Ne5 Qxc5 29. dxc5 Rxd2 30. Bxd2 Bxe5 0-1

[Event "Winnipeg TNT Jan op"]
[Site "Winnipeg CAN"]
[Date "2001.01.30"]
[Round "4"]
[White "Gentes, Kevin"]
[Black "Schulz, Waldemar"]
[Result "1/2-1/2"]
[WhiteElo "2348"]
[BlackElo "2042"]
[PlyCount "123"]
[GameId "2160767911627344"]
[EventDate "2001.01.??"]
[EventType "swiss"]
[EventRounds "4"]
[EventCountry "CAN"]
[SourceTitle "EXT 2005"]
[Source "ChessBase"]
[SourceDate "2004.11.15"]
[SourceVersion "1"]
[SourceVersionDate "2004.11.15"]
[SourceQuality "1"]

1. d4 d5 2. c4 e6 3. g3 Bb4+ 4. Nc3 Nf6 5. Bg2 c6 6. Nf3 Nbd7 7. O-O O-O 8. Qc2 Re8 9. Bf4 Nf8 10. Rad1 Ng6 11. Bc1 Qe7 12. e4 Bxc3 13. e5 Bxd4 14. Rxd4 Ne4 15. h4 f6 16. h5 Nxe5 17. Nxe5 fxe5 18. Rxe4 dxe4 19. Bxe4 h6 20. Qe2 Bd7 21. Bb1 Qf6 22. Qd3 Rad8 23. Qh7+ Kf8 24. Be3 b6 25. c5 Rb8 26. Rd1 Red8 27. Rxd7 Rxd7 28. Qh8+ Ke7 29. Qxb8 Rd1+ 30. Kg2 Rxb1 31. Qxa7+ Kf8 32. Qa4 Qf5 33. g4 Qd3 34. Qxc6 Rxb2 35. Kg3 bxc5 36. Qxe6 c4 37. Kh4 Rb5 38. a4 Rd5 39. a5 Qe4 40. Bc5+ Rxc5 41. Qd6+ Kf7 42. Qxc5 Qd4 43. Qc7+ Ke6 44. Qc8+ Kd5 45. Qf5 Qf4 46. Qd7+ Kc5 47. Qa7+ Kb4 48. Qb6+ Kc3 49. Qe3+ Qxe3 50. fxe3 Kd3 51. a6 c3 52. a7 c2 53. a8=Q c1=Q 54. Qd5+ Ke2 55. Qxe5 Qe1+ 56. Kh3 Qh1+ 57. Qh2+ Qxh2+ 58. Kxh2 Kxe3 59. Kg3 Ke4 60. g5 Kf5 61. gxh6 gxh6 62. Kh4 1/2-1/2

[Event "Winnipeg TNT Jan op"]
[Site "Winnipeg CAN"]
[Date "2001.01.30"]
[Round "4"]
[White "Greenberg, Harley"]
[Black "Trueman, Francis"]
[Result "0-1"]
[WhiteElo "1692"]
[BlackElo "1399"]
[PlyCount "74"]
[GameId "2160767911627345"]
[EventDate "2001.01.??"]
[EventType "swiss"]
[EventRounds "4"]
[EventCountry "CAN"]
[SourceTitle "EXT 2005"]
[Source "ChessBase"]
[SourceDate "2004.11.15"]
[SourceVersion "1"]
[SourceVersionDate "2004.11.15"]
[SourceQuality "1"]

1. d4 d5 2. c4 Nf6 3. Nc3 e6 4. Nf3 c6 5. cxd5 exd5 6. g3 Be7 7. Bg2 O-O 8. O-O Bf5 9. Nh4 Bg6 10. Nxg6 hxg6 11. e4 dxe4 12. Nxe4 Qb6 13. Be3 Nxe4 14. Bxe4 Na6 15. d5 Bc5 16. Bxc5 Nxc5 17. Bg2 cxd5 18. Qxd5 Rad8 19. Qc4 Rd2 20. b4 Nd3 21. Bd5 Nxf2 22. Bxf7+ Rxf7 23. Qc8+ Kh7 24. Qc5 Qxc5 25. bxc5 Nh3+ 26. Kh1 Rxf1+ 27. Rxf1 Nf2+ 28. Kg1 Nd3 29. Rf7 Nxc5 30. Rc7 Ne4 31. a4 Ra2 32. Rc4 Nd2 33. Rf4 g5 34. Rf2 Ra1+ 35. Kg2 Ne4 36. Rb2 b6 37. Kf3 Nf6 0-1